000 00309nam a22001337a 4500
020 _a978-81-8296-429-7
082 _a920
_bWAS/U
100 _aWASHINGTON,T BOOKER
245 _aUP FROM SLAVERY
260 _aNEW DELHI
_bARYA PUBLISHING COMPANY
300 _a257
650 _aAUTOBIOGRAPHY
_zINDIA
942 _cBK
999 _c5675
_d5675